PELE : (Record no. 203350)
[ view plain ]
| 000 -LEADER | |
|---|---|
| fixed length control field | 01098nam a2200289 ia4500 |
| 005 - DATE AND TIME OF LATEST TRANSACTION | |
| control field | 20260304134506.0 |
| 008 - FIXED-LENGTH DATA ELEMENTS--GENERAL INFORMATION | |
| fixed length control field | 260304t20242024uk a br 000 0beng d |
| 020 ## - INTERNATIONAL STANDARD BOOK NUMBER | |
| International Standard Book Number | 9781802635409 |
| Terms of availability | RM47.20 |
| Qualifying information | paperback |
| 040 ## - CATALOGING SOURCE | |
| Original cataloging agency | PPAK |
| Language of cataloging | eng |
| Transcribing agency | PPAK |
| Description conventions | rda |
| 082 04 - DEWEY DECIMAL CLASSIFICATION NUMBER | |
| Edition number | 23 |
| Classification number | 796.334092 |
| 090 00 - LOCALLY ASSIGNED LC-TYPE CALL NUMBER (OCLC); LOCAL CALL NUMBER (RLIN) | |
| Classification number (OCLC) (R) ; Classification number, CALL (RLIN) (NR) | 796.334092 |
| Feature heading | PAT |
| Feature heading | K |
| 100 1# - MAIN ENTRY--PERSONAL NAME | |
| Personal name | Paton, Luke, |
| Relator term | author. |
| 245 10 - TITLE STATEMENT | |
| Title | PELE : |
| Remainder of title | THE UNOFFICIAL STORY / |
| Statement of responsibility, etc. | WRITTEN BY LUKE PATON ; Illustrations by Sophie Jones |
| 264 #1 - PRODUCTION, PUBLICATION, DISTRIBUTION, MANUFACTURE, AND COPYRIGHT NOTICE | |
| Place of production, publication, distribution, manufacture | Leicester, United Kingdom : |
| Name of producer, publisher, distributor, manufacturer | Sweet Cherry Publishing Limited, |
| Date of production, publication, distribution, manufacture, or copyright notice | 2024 |
| Date of production, publication, distribution, manufacture, or copyright notice | ©2024 |
| 300 ## - PHYSICAL DESCRIPTION | |
| Extent | 128 pages : |
| Other physical details | illustrations ; |
| Dimensions | 20 cm |
| 336 ## - CONTENT TYPE | |
| Content type term | text |
| Source | rdacontent |
| 337 ## - MEDIA TYPE | |
| Media type term | unmediated |
| Source | rdamedia |
| 338 ## - CARRIER TYPE | |
| Carrier type term | volume |
| Source | rdacarrier |
| 490 1# - SERIES STATEMENT | |
| Series statement | GREATEST FOOTBALL STARS |
| 520 ## - SUMMARY, ETC. | |
| Summary, etc. | A biography celebrating the life and legendary football career of Pelé, one of the sport's greatest icons. |
| 600 00 - SUBJECT ADDED ENTRY--PERSONAL NAME | |
| Personal name | Pelé, |
| Dates associated with a name | 1940-2022 |
| Form subdivision | Biography |
| 650 10 - SUBJECT ADDED ENTRY--TOPICAL TERM | |
| Topical term or geographic name entry element | Soccer players |
| Form subdivision | Biography |
| 700 1# - ADDED ENTRY--PERSONAL NAME | |
| Personal name | Jones, Sophie, |
| Relator term | illustrator. |
| 830 #0 - SERIES ADDED ENTRY--UNIFORM TITLE | |
| Uniform title | Greatest football stars |
| 942 ## - ADDED ENTRY ELEMENTS (KOHA) | |
| Source of classification or shelving scheme | Dewey Decimal Classification |
| Koha item type | Book |
| Withdrawn | Not for loan | Current library | Shelving location | Date acquired | Total Checkouts | Full call number | Barcode | Date last seen | Koha item type |
|---|---|---|---|---|---|---|---|---|---|
| Perpustakaan Alor Setar | Pinjaman Kanak-kanak | 11/03/2026 | K 796.334092 PAT | A01908442 | 11/03/2026 | Book | |||
| Perpustakaan Awam Sungai Petani | Pinjaman Kanak-kanak | 11/03/2026 | K 796.334092 PAT | A01908443 | 11/03/2026 | Book | |||
| Perpustakaan Baling | Pinjaman Kanak-kanak | 11/03/2026 | K 796.334092 PAT | A01908447 | 11/03/2026 | Book | |||
| Perpustakaan Bandar Baharu | Pinjaman Kanak-kanak | 11/03/2026 | K 796.334092 PAT | A01908448 | 11/03/2026 | Book | |||
| Perpustakaan Jitra | Pinjaman Kanak-kanak | 11/03/2026 | K 796.334092 PAT | A01908444 | 11/03/2026 | Book | |||
| Perpustakaan Kulim | Pinjaman Kanak-kanak | 11/03/2026 | K 796.334092 PAT | A01908446 | 11/03/2026 | Book | |||
| Perpustakaan Langkawi | Pinjaman Kanak-kanak | 11/03/2026 | K 796.334092 PAT | A01908445 | 11/03/2026 | Book |